000 00613nam a2200205Ia 4500
003 OSt
005 20230515152927.0
008 210423s2008 xx 000 0 und d
020 _a9788176710596
040 _cAL
041 _aeng
082 _a574.1925
_223
_bPALT
100 _aPALMER (Trevor);BONNER (Philip).
_9104388
245 _aEnzymes: biochemistry biotechnology and clinical chemistry.
260 _aNew Delhi
_bAffiliated East West Press Ltd
_c2008
300 _axix,402
_bHB
365 _b495
_cINR
906 _abiochemistry ; biotechnology ; chemistry. ; clinical ; Enzymes
942 _2ddc
_cBK
999 _c164392
_d164392